000 00408nam a22001337a 4500
082 _a621.382
_bTIM
_cL-10, P-1
100 _aTimbie, William H.
_941628
245 _aBasic Electricity for Communication.
_cTimbie, William H.
260 _aNew York
_bJohn Wiley & Sons
_cc1943.
300 _avii, 603 p. :
_bill. ;
_c18 cm.
526 _a0
_b0
_c0
_d621_382000000000000_TIM
650 _aMCE
_9379
942 _2ddc
_cBK
999 _c545685
_d545685